|
|
|
|
| LEADER |
00000nab a2200000 a 4500 |
| 001 |
vtls000620157 |
| 003 |
SK-MaSNL |
| 005 |
20260302200732.0 |
| 008 |
140228c1997 xo 0 slo |
| 015 |
|
|
|a SNBRB19rr/mm-uuuuu
|
| 035 |
|
|
|a CL0620296
|
| 040 |
|
|
|a SNKBUCL
|b slo
|c SNKBUCL
|e AACR2
|
| 041 |
0 |
|
|a slo
|
| 044 |
|
|
|a xo
|c SK
|
| 080 |
|
|
|a 368.032(437.6)
|2 1981
|
| 100 |
1 |
|
|a Bukovská, Edita
|4 aut
|9 898886
|
| 245 |
1 |
0 |
|a Vytvárať dobré zázemie budúcnosti
|c Edita Bukovská, Emília Herzogová
|
| 300 |
|
|
|b Fotogr. 1, tab. 1, lit. 1 zázn. v slov.
|
| 650 |
0 |
7 |
|a Slovenská poisťovňa, a.s
|2 snkbucl
|9 898379
|
| 655 |
|
7 |
|a články z novín a časopisov
|2 snkbucl
|9 267496
|
| 700 |
1 |
|
|a Herzogová, Emília
|4 aut
|9 841541
|
| 773 |
0 |
|
|t Hospodárske noviny
|g Roč. 5, č. 43 (4. 3. 1997), s. 8
|x 0862-9567
|
| 850 |
|
|
|a Slovenská národná knižnica v Martine
|a MTA001
|
| 852 |
|
|
|a SNK
|b KIS3GCP
|
| 957 |
|
|
|a 5100
|
| 958 |
|
|
|a SK
|
| 958 |
|
|
|a RK
|
| 992 |
|
|
|a RBX
|
| 999 |
|
|
|c 1458021
|d 1459951
|